000 00697nam a2200217Ia 4500
999 _c56475
_d56475
001 23588
003 GE_BSU
005 20191007120122.0
008 181216s||||||||xx |||||||||||||| ||und||
020 _a978-0486244570
040 _cGE_BSU
080 _a72+721
100 _aWright, Frank Lloyd
_94571
245 _aDrawings and Plans of Frank Lloyd Wright: The Early Period (1893-1909)
260 _cNew York :
_aDover Publications, INC ,
_b2018.
300 _a108 p .:
_b il :
_c35 cm.
653 _aDrawings and Plans of Frank Lloyd Wright: The Early Period (1893-1909)
653 _aРисование и черчение
653 _aხაზვა. ხატვა.
942 _cBK
_2udc